[Event "Olimpiada de Khanty-Mansiysk 2010"]
[Site "Khanty-Mansiysk RUS"]
[Date "2010.09.23"]
[Round "3.4"]
[White "Safarli, Eltaj"]
[Black "Wassin, Sergej"]
[Result "1-0"]
[WhiteElo "2607"]
[BlackElo "2295"]
[PlyCount "89"]
[EventDate "2010.09.21"]
[EventType "team"]
[EventRounds "11"]
[EventCountry "RUS"]
[Source "lmi"]
[SourceDate "2010.09.21"]
[WhiteTeam "Azerbaiyán"]
[BlackTeam "IBC"]
[WhiteTeamCountry "AZE"]

1. e4 c5 2. Nf3 d6 3. d4 cxd4 4. Nxd4 Nf6 5. Nc3 a6 6. Be3 e5 7. Nf3 Be7 8. Bc4
O-O 9. O-O Nc6 10. Bb3 h6 11. Nd2 Na5 12. Nc4 Nxc4 13. Bxc4 Be6 14. Bb3 b5 15.
f3 Rb8 16. Rf2 Qd7 17. Rd2 Rfc8 18. Qe2 Rc6 19. Rad1 Qc8 20. Ba7 Rb7 21. Bf2
Bc4 22. Qe1 b4 23. Ne2 Bxb3 24. cxb3 Rbc7 25. Ng3 g6 26. Nf1 Rc1 27. Ne3 Rxd1
28. Rxd1 a5 29. Nc4 Qa6 30. Qe3 Kg7 31. Qb6 Rc6 32. Qxa5 Qxa5 33. Nxa5 Ra6 34.
Nc4 Rxa2 35. Be1 Ne8 36. Bxb4 Kf6 37. Ba3 Ke6 38. Kf2 f6 39. Ne3 Nc7 40. Nd5
Nxd5 41. exd5+ Kd7 42. Ke3 Bd8 43. Kd3 Bb6 44. Kc2 Bc5 45. b4 1-0

[Event "Olimpiada de Khanty-Mansiysk 2010"]
[Site "Khanty-Mansiysk RUS"]
[Date "2010.09.23"]
[Round "3.1"]
[White "Ghaem, Maghami Ehsan"]
[Black "Ranaivoharisoa, Alain"]
[Result "1-0"]
[WhiteElo "2594"]
[BlackElo "2153"]
[PlyCount "71"]
[EventDate "2010.09.21"]
[EventType "team"]
[EventRounds "11"]
[EventCountry "RUS"]
[Source "lmi"]
[SourceDate "2010.09.21"]
[WhiteTeam "Irán"]
[BlackTeam "Madagascar"]
[WhiteTeamCountry "IRI"]
[BlackTeamCountry "MAD"]

1. c4 Nf6 2. Nc3 e6 3. Nf3 c5 4. e3 d6 5. d4 Nbd7 6. Be2 Be7 7. O-O a6 8. a4 b6
9. d5 e5 10. e4 O-O 11. Ne1 Re8 12. Nd3 a5 13. f4 exf4 14. Bxf4 Bf8 15. Bf3 Ba6
16. b3 h6 17. Bg3 Ra7 18. Qd2 Ne5 19. Nxe5 dxe5 20. Rf2 Nh7 21. Raf1 Qd6 22.
Bg4 g6 23. Bh4 Bg7 24. Bd1 f5 25. exf5 e4 26. Re2 e3 27. Qd3 g5 28. f6 Nxf6 29.
Bg3 Qd7 30. Bc2 Raa8 31. Rf3 Rf8 32. Nd1 Rae8 33. Rexe3 Rxe3 34. Nxe3 Re8 35.
Qg6 Qe7 36. Nf5 1-0

[Event "Olimpiada de Khanty-Mansiysk 2010"]
[Site "Khanty-Mansiysk RUS"]
[Date "2010.09.23"]
[Round "3.1"]
[White "Zhao, Zong-Yuan"]
[Black "Machin, Rivera Mark"]
[Result "1-0"]
[WhiteElo "2583"]
[BlackElo "2229"]
[PlyCount "83"]
[EventDate "2010.09.21"]
[EventType "team"]
[EventRounds "11"]
[EventCountry "RUS"]
[Source "lmi"]
[SourceDate "2010.09.21"]
[WhiteTeam "Australia"]
[BlackTeam "Puerto Rico"]
[WhiteTeamCountry "AUS"]
[BlackTeamCountry "PUR"]

1. d4 g6 2. c4 Bg7 3. e4 d6 4. Nc3 Nf6 5. f3 O-O 6. Nge2 c5 7. d5 e6 8. Ng3
exd5 9. cxd5 a6 10. a4 Re8 11. Be2 Nbd7 12. O-O h5 13. Bg5 Qb6 14. Qd2 Nh7 15.
a5 Qc7 16. Be3 h4 17. Nh1 f5 18. Nf2 b5 19. axb6 Qxb6 20. Rfb1 Rb8 21. b4 Qd8
22. bxc5 Rxb1+ 23. Rxb1 Nxc5 24. Bd4 Ng5 25. Bxg7 Kxg7 26. Nd3 fxe4 27. Nxc5
dxc5 28. f4 Nf7 29. Na4 c4 30. Rb6 Kh7 31. Qd4 Nd6 32. Nc3 e3 33. Qc5 Ne4 34.
Nxe4 Rxe4 35. Rb8 Qf6 36. Qxc8 Qa1+ 37. Bf1 e2 38. Rb7+ Kh6 39. Qf8+ Kh5 40.
Rh7+ Kg4 41. Rxh4+ Kxh4 42. Qh6+ 1-0

[Event "Olimpiada de Khanty-Mansiysk 2010"]
[Site "Khanty-Mansiysk RUS"]
[Date "2010.09.23"]
[Round "3.3"]
[White "Johansen, Darryl K"]
[Black "Ovalle, Burgos Ramon"]
[Result "1-0"]
[WhiteElo "2420"]
[BlackElo "2201"]
[PlyCount "83"]
[EventDate "2010.09.21"]
[EventType "team"]
[EventRounds "11"]
[EventCountry "RUS"]
[Source "lmi"]
[SourceDate "2010.09.21"]
[WhiteTeam "Australia"]
[BlackTeam "Puerto Rico"]
[WhiteTeamCountry "AUS"]
[BlackTeamCountry "PUR"]

1. c4 Nf6 2. Nf3 g6 3. Nc3 Bg7 4. e4 d6 5. d4 O-O 6. Be2 e5 7. Be3 h6 8. h3
exd4 9. Nxd4 Re8 10. Qc2 Na6 11. O-O Nc5 12. Bf3 a5 13. Rad1 Bd7 14. Rfe1 Qc8
15. Bf4 Nh7 16. Ndb5 Ng5 17. Bxg5 hxg5 18. Nd5 Na6 19. Nbxc7 Nxc7 20. Nb6 Qd8
21. Rxd6 Ba4 22. Qd2 Qe7 23. Nxa4 Qe5 24. Rd1 b5 25. cxb5 Qxb5 26. b3 Rab8 27.
Be2 Qe5 28. Bc4 Ne6 29. Bxe6 fxe6 30. Nb6 Bf8 31. Nd7 Qxd6 32. Nf6+ Kf7 33.
Qxd6 Bxd6 34. Nxe8 Be5 35. Nd6+ Bxd6 36. Rxd6 a4 37. Rd3 axb3 38. axb3 Ra8 39.
Kh2 Ra2 40. Rf3+ Ke7 41. Kg3 Re2 42. Kg4 1-0

[Event "Olimpiada de Khanty-Mansiysk 2010"]
[Site "Khanty-Mansiysk RUS"]
[Date "2010.09.23"]
[Round "3.4"]
[White "Almedina, Ortiz Edgardo J"]
[Black "Solomon, Stephen J"]
[Result "0-1"]
[WhiteElo "2197"]
[BlackElo "2396"]
[PlyCount "92"]
[EventDate "2010.09.21"]
[EventType "team"]
[EventRounds "11"]
[EventCountry "RUS"]
[Source "lmi"]
[SourceDate "2010.09.21"]
[WhiteTeam "Puerto Rico"]
[BlackTeam "Australia"]
[WhiteTeamCountry "PUR"]
[BlackTeamCountry "AUS"]

1. e4 c5 2. Nf3 d6 3. d4 cxd4 4. Nxd4 Nf6 5. Nc3 Nc6 6. Be2 Qb6 7. Be3 Nxd4 8.
Bxd4 Qa5 9. Bxf6 gxf6 10. Bb5+ Bd7 11. Bxd7+ Kxd7 12. O-O e6 13. Kh1 Be7 14. f4
Rhg8 15. Qf3 Kc7 16. Rad1 Rad8 17. b4 Qxb4 18. Rd4 Qc5 19. Rb1 Kb8 20. Rdb4 Rd7
21. Qh3 Qf2 22. f5 d5 23. R4b3 d4 24. fxe6 fxe6 25. Nb5 Qxc2 26. Nxd4 Rxd4 27.
Rxb7+ Ka8 28. Qf3 Rgd8 29. Qf1 Rd1 30. Rb8+ Rxb8 31. Rxd1 Qxe4 32. Qa6 Rg8 33.
Qf1 f5 34. Rd7 Bc5 35. h3 f4 36. Rd2 Be3 37. Qd3 Qxd3 38. Rxd3 Rg7 39. g4 e5
40. Kg2 e4 41. Rd8+ Kb7 42. Re8 h5 43. Rxe4 hxg4 44. hxg4 Rxg4+ 45. Kf3 Rg3+
46. Ke2 Rg2+ 0-1

[Event "Olimpiada de Khanty-Mansiysk 2010"]
[Site "Khanty-Mansiysk RUS"]
[Date "2010.09.23"]
[Round "3.2"]
[White "Cu, Hor Winston"]
[Black "Alvarez, Marquez Johann"]
[Result "1/2-1/2"]
[WhiteElo "2106"]
[BlackElo "2414"]
[PlyCount "60"]
[EventDate "2010.09.21"]
[EventType "team"]
[EventRounds "11"]
[EventCountry "RUS"]
[Source "lmi"]
[SourceDate "2010.09.21"]
[WhiteTeam "Guatemala"]
[BlackTeam "Venezuela"]
[WhiteTeamCountry "GUA"]
[BlackTeamCountry "VEN"]

1. d4 d5 2. c4 e6 3. Nf3 c6 4. g3 Nf6 5. Bg2 Be7 6. O-O O-O 7. Qc2 b6 8. Bf4
Bb7 9. Nbd2 Nbd7 10. e4 dxe4 11. Nxe4 Nxe4 12. Qxe4 Nf6 13. Qe2 c5 14. Rad1 Qc8
15. d5 Re8 16. Bh3 Bf8 17. Rfe1 h6 18. Ne5 g5 19. Bc1 Qc7 20. dxe6 fxe6 21. Qc2
Bg7 22. Qg6 Re7 23. f4 Rd8 24. Bxe6+ Rxe6 25. Rxd8+ Qxd8 26. Qf7+ Kh7 27. Qg6+
Kg8 28. Qf7+ Kh7 29. Qg6+ Kg8 30. Qf7+ Kh7 1/2-1/2

[Event "Olimpiada de Khanty-Mansiysk 2010"]
[Site "Khanty-Mansiysk RUS"]
[Date "2010.09.23"]
[Round "3.3"]
[White "Soto, Paez Oliver"]
[Black "Ortiz, Q Johnny Alexander"]
[Result "1-0"]
[WhiteElo "2373"]
[BlackElo "2179"]
[PlyCount "59"]
[EventDate "2010.09.21"]
[EventType "team"]
[EventRounds "11"]
[EventCountry "RUS"]
[Source "lmi"]
[SourceDate "2010.09.21"]
[WhiteTeam "Venezuela"]
[BlackTeam "Guatemala"]
[WhiteTeamCountry "VEN"]
[BlackTeamCountry "GUA"]

1. e4 c5 2. Nf3 d6 3. d4 cxd4 4. Nxd4 Nf6 5. Nc3 a6 6. Be3 e5 7. Nb3 Be6 8. Qd2
Nbd7 9. f3 b5 10. O-O-O Nb6 11. Qf2 Nc4 12. Bxc4 bxc4 13. Na5 Rc8 14. Bb6 Qd7
15. g4 Be7 16. Rd2 O-O 17. Rhd1 Rb8 18. g5 Nh5 19. h4 Nf4 20. a3 Rfc8 21. Ba7
Ra8 22. Bc5 Qc7 23. Bb4 Rab8 24. Nd5 Nxd5 25. exd5 Bd7 26. f4 f6 27. Qf3 Rb5
28. fxe5 c3 29. bxc3 fxg5 30. Nc6 1-0

[Event "Olimpiada de Khanty-Mansiysk 2010"]
[Site "Khanty-Mansiysk RUS"]
[Date "2010.09.23"]
[Round "3.4"]
[White "Juarez, Flores Roberto"]
[Black "Boada, Wiston"]
[Result "0-1"]
[WhiteElo "2106"]
[BlackElo "2270"]
[PlyCount "63"]
[EventDate "2010.09.21"]
[EventType "team"]
[EventRounds "11"]
[EventCountry "RUS"]
[Source "lmi"]
[SourceDate "2010.09.21"]
[WhiteTeam "Guatemala"]
[BlackTeam "Venezuela"]
[WhiteTeamCountry "GUA"]
[BlackTeamCountry "VEN"]

1. d4 g6 2. e4 Bg7 3. Nc3 d6 4. f4 a6 5. Nf3 b5 6. Be3 Bb7 7. Bd3 Nd7 8. e5 c5
9. e6 Bxf3 10. exd7+ Kf8 11. Qxf3 cxd4 12. Bd2 dxc3 13. Bxc3 Bxc3+ 14. bxc3 Ra7
15. f5 Nf6 16. a4 Qxd7 17. O-O bxa4 18. g4 g5 19. Rfb1 Qc7 20. Rxa4 Qxc3 21. h3
Qc5+ 22. Kg2 d5 23. Qe2 a5 24. h4 d4 25. hxg5 Qc6+ 26. Kh3 Qxa4 27. gxf6 exf6
28. Qd2 Kg7 29. g5 Rg8 30. gxf6+ Kh8 31. Qh6 Qc6 32. Kh4 0-1

[Event "Olimpiada de Khanty-Mansiysk 2010"]
[Site "Khanty-Mansiysk RUS"]
[Date "2010.09.23"]
[Round "3.1"]
[White "Minhazuddin, Ahmed"]
[Black "Gundavaa, Bayarsaikhan"]
[Result "1/2-1/2"]
[WhiteElo "2368"]
[BlackElo "2460"]
[PlyCount "88"]
[EventDate "2010.09.21"]
[EventType "team"]
[EventRounds "11"]
[EventCountry "RUS"]
[Source "lmi"]
[SourceDate "2010.09.21"]
[WhiteTeam "Bangladesh"]
[BlackTeam "Mongolia"]
[WhiteTeamCountry "BAN"]
[BlackTeamCountry "MGL"]

1. e4 c5 2. Nf3 d6 3. d4 cxd4 4. Nxd4 Nf6 5. Nc3 a6 6. Be2 Nbd7 7. O-O g6 8.
Bg5 Bg7 9. Qd2 O-O 10. Bh6 Nc5 11. Bf3 Bxh6 12. Qxh6 e5 13. Nb3 Be6 14. Nxc5
dxc5 15. Rad1 Qc7 16. Rd2 Rad8 17. Rfd1 Rd4 18. Ne2 Ra4 19. Nc3 Rb4 20. b3 Rd4
21. Ne2 Rdd8 22. Ng3 Rxd2 23. Qxd2 Kg7 24. Qc3 b5 25. h4 Nd7 26. Qd2 c4 27. Qg5
f6 28. Nh5+ Kh8 29. Qh6 Rf7 30. Ng3 Qc5 31. h5 g5 32. Nf5 Bxf5 33. exf5 Qe7 34.
Bd5 Rf8 35. Be6 Nb8 36. bxc4 Rd8 37. Rxd8+ Qxd8 38. c5 Qe7 39. Bd5 a5 40. Bb7
e4 41. Kh1 e3 42. fxe3 Nd7 43. c6 Qb4 44. cxd7 Qe1+ 1/2-1/2

[Event "Olimpiada de Khanty-Mansiysk 2010"]
[Site "Khanty-Mansiysk RUS"]
[Date "2010.09.23"]
[Round "3.3"]
[White "Chatterjee, Debaraj"]
[Black "Batchuluun, Tsegmed"]
[Result "1-0"]
[WhiteElo "2288"]
[BlackElo "2422"]
[PlyCount "63"]
[EventDate "2010.09.21"]
[EventType "team"]
[EventRounds "11"]
[EventCountry "RUS"]
[Source "lmi"]
[SourceDate "2010.09.21"]
[WhiteTeam "Bangladesh"]
[BlackTeam "Mongolia"]
[WhiteTeamCountry "BAN"]
[BlackTeamCountry "MGL"]

1. d4 d5 2. c4 c6 3. Nf3 Nf6 4. Nc3 dxc4 5. a4 Bf5 6. e3 e6 7. Bxc4 Bb4 8. O-O
O-O 9. Qe2 Nbd7 10. e4 Bg6 11. Bd3 Bh5 12. e5 Nd5 13. Nxd5 cxd5 14. Qe3 Bg6 15.
Ng5 Re8 16. f4 Bxd3 17. Qxd3 f5 18. g4 h6 19. Nxe6 Rxe6 20. gxf5 Re7 21. Kh1
Kh8 22. Rg1 Nf8 23. Rg3 Nh7 24. Be3 Qd7 25. a5 Rc8 26. Rg6 Rf8 27. f6 gxf6 28.
Rag1 f5 29. Bf2 Re6 30. Qxf5 Ng5 31. Rxh6+ Nh7 32. Qxe6 1-0

[Event "Olimpiada de Khanty-Mansiysk 2010"]
[Site "Khanty-Mansiysk RUS"]
[Date "2010.09.23"]
[Round "3.4"]
[White "Khatanbaatar, Bazar"]
[Black "Javed, Mohammad"]
[Result "1-0"]
[WhiteElo "2392"]
[BlackElo "2290"]
[PlyCount "72"]
[EventDate "2010.09.21"]
[EventType "team"]
[EventRounds "11"]
[EventCountry "RUS"]
[Source "lmi"]
[SourceDate "2010.09.21"]
[WhiteTeam "Mongolia"]
[BlackTeam "Bangladesh"]
[WhiteTeamCountry "MGL"]
[BlackTeamCountry "BAN"]

1. e4 e5 2. Nf3 Nc6 3. Bb5 a6 4. Ba4 Nf6 5. O-O b5 6. Bb3 Bc5 7. c3 d6 8. a4
Rb8 9. d4 Bb6 10. a5 Ba7 11. h3 O-O 12. Be3 exd4 13. cxd4 Ra8 14. Qc2 Bb7 15.
Nbd2 Re8 16. Rfe1 Qd7 17. d5 Ne5 18. Nxe5 Rxe5 19. Bxa7 Rxa7 20. Nf3 Re7 21.
Nd4 g6 22. f3 Qe8 23. Rec1 Ra8 24. Qf2 Rd7 25. Rc3 Qe5 26. Rac1 Rc8 27. Ba2 Nh5
28. b4 Nf4 29. Kh1 Kg7 30. Bb1 h5 31. h4 Kh6 32. g3 Nh3 33. Qe3+ g5 34. Kh2 Nf4
35. hxg5+ Kxg5 36. Ne2 Kh6 1-0

[Event "Olimpiada de Khanty-Mansiysk 2010"]
[Site "Khanty-Mansiysk RUS"]
[Date "2010.09.23"]
[Round "3.1"]
[White "De La Riva Aguado, Oscar"]
[Black "Gruenfeld, Yehuda"]
[Result "1-0"]
[WhiteElo "2521"]
[BlackElo "2464"]
[PlyCount "141"]
[EventDate "2010.09.21"]
[EventType "team"]
[EventRounds "11"]
[EventCountry "RUS"]
[Source "lmi"]
[SourceDate "2010.09.21"]
[WhiteTeam "Andorra"]
[BlackTeam "ICS"]
[WhiteTeamCountry "AND"]

1. e4 c5 2. Nf3 d6 3. c3 Nf6 4. Be2 Nbd7 5. d3 b6 6. O-O Bb7 7. Nbd2 g6 8. d4
Qc7 9. e5 dxe5 10. dxe5 Ng4 11. e6 fxe6 12. Qb3 Bd5 13. Bc4 Nde5 14. Bxd5 exd5
15. Qxd5 Qc6 16. Qxc6+ Nxc6 17. Re1 Bg7 18. Nc4 O-O 19. h3 Nf6 20. Re6 Rac8 21.
Bd2 Rfd8 22. a4 Nd7 23. Rae1 Nf8 24. R6e4 Rd5 25. Bg5 Bf6 26. h4 Rcd8 27. Ne3
R5d6 28. Kf1 Kg7 29. Bf4 Re6 30. Nc4 Rxe4 31. Rxe4 Rd1+ 32. Ke2 Ra1 33. g4 Kg8
34. Ne3 Ra2 35. Nd1 Kf7 36. Kd2 Ne6 37. Kc2 Nxf4 38. Kb1 Rxb2+ 39. Kxb2 Nd5 40.
Kc2 a6 41. Ng5+ Kg8 42. Ne6 Kf7 43. g5 Bh8 44. Nf4 Nc7 45. Ne3 b5 46. axb5 axb5
47. Ned5 Nxd5 48. Nxd5 Be5 49. Ne3 c4 50. Ng4 Bd6 51. Re1 Kg7 52. Ra1 h5 53.
gxh6+ Kh7 54. Ra6 Ne5 55. Nxe5 Bxe5 56. Rb6 Bf6 57. Rxb5 Bxh4 58. f3 Kxh6 59.
Rc5 Bf2 60. Rxc4 Kg5 61. Kd3 Kf5 62. Re4 e6 63. Rb4 g5 64. Rb8 Bg3 65. Rf8+ Ke5
66. c4 Bf2 67. Ra8 Kf4 68. Ke2 Bg3 69. c5 Ke5 70. Rd8 Kf6 71. Rd7 1-0

[Event "Olimpiada de Khanty-Mansiysk 2010"]
[Site "Khanty-Mansiysk RUS"]
[Date "2010.09.23"]
[Round "3.2"]
[White "Collutiis, Duilio"]
[Black "Simonet, Marc"]
[Result "0-1"]
[WhiteElo "2447"]
[BlackElo "2277"]
[PlyCount "162"]
[EventDate "2010.09.21"]
[EventType "team"]
[EventRounds "11"]
[EventCountry "RUS"]
[Source "lmi"]
[SourceDate "2010.09.21"]
[WhiteTeam "ICS"]
[BlackTeam "Andorra"]
[BlackTeamCountry "AND"]

1. Nf3 Nf6 2. g3 d5 3. Bg2 c6 4. O-O Bg4 5. d3 Nbd7 6. Nbd2 e6 7. e4 Bd6 8. h3
Bh5 9. Qe1 Qc7 10. b3 O-O 11. Bb2 e5 12. Nh4 Rfe8 13. Nf5 Bf8 14. Ne3 dxe4 15.
dxe4 Nc5 16. a4 Nfd7 17. f3 f6 18. a5 b5 19. axb6 axb6 20. Qe2 b5 21. Kh2 Bf7
22. Rfc1 Ne6 23. h4 Bc5 24. c3 Bxe3 25. Qxe3 Nec5 26. b4 Na4 27. Rab1 Ba2 28.
c4 Bxb1 29. Rxb1 Nxb2 30. Rxb2 bxc4 31. Nxc4 Reb8 32. Qc3 Kh8 33. Ne3 Ra7 34.
h5 Rab7 35. h6 g6 36. Rc2 Qb6 37. Ng4 Qxb4 38. Qxc6 Qf8 39. Qe6 Qe8 40. Rc6
Qxe6 41. Rxe6 Rb6 42. Re7 Rd6 43. Bf1 f5 44. Nxe5 Nxe5 45. Rxe5 fxe4 46. Rxe4
g5 47. Kh3 Rxh6+ 48. Kg4 Rf6 49. Re3 h6 50. Bd3 Rb4+ 51. Be4 Kg7 52. Ra3 Rd6
53. Kh5 Rb2 54. Kg4 Kf6 55. Ra5 Rh2 56. Rf5+ Ke6 57. Ra5 Rb6 58. Rc5 Rb4 59.
Ra5 Rb6 60. Rc5 Rb8 61. Ra5 Kd6 62. Rd5+ Kc7 63. Rc5+ Kb6 64. Rc6+ Ka5 65. Bd3
Rb3 66. Ra6+ Kb4 67. Bg6 Kc5 68. Be4 Kd4 69. Re6 Rb5 70. Bg6 Re5 71. Rf6 Ke3
72. Bh5 Kf2 73. Ra6 Rg2 74. Ra2+ Re2 75. Rxe2+ Kxe2 76. Kf5 Kf2 77. Kg6 Kxg3
78. Kxh6 Kf4 79. Kg6 Rg3 80. Kf6 Rh3 81. Kg6 Rh4 0-1

[Event "Olimpiada de Khanty-Mansiysk 2010"]
[Site "Khanty-Mansiysk RUS"]
[Date "2010.09.23"]
[Round "3.3"]
[White "Jose Queralto, Daniel"]
[Black "Klasan, Vladimir"]
[Result "0-1"]
[WhiteElo "2105"]
[BlackElo "2393"]
[PlyCount "48"]
[EventDate "2010.09.21"]
[EventType "team"]
[EventRounds "11"]
[EventCountry "RUS"]
[Source "lmi"]
[SourceDate "2010.09.21"]
[WhiteTeam "Andorra"]
[BlackTeam "ICS"]
[WhiteTeamCountry "AND"]

1. e4 c5 2. Nf3 d6 3. d4 Nf6 4. Nc3 cxd4 5. Nxd4 Nc6 6. f3 e5 7. Nb3 Be7 8. Be3
Be6 9. Nd5 Bxd5 10. exd5 Nb8 11. Be2 O-O 12. O-O Nbd7 13. Qd2 a5 14. a4 g6 15.
c4 Nh5 16. Rae1 f5 17. Kh1 Bh4 18. Bf2 Bxf2 19. Rxf2 Qb6 20. Bd1 Rfc8 21. Qe3
Qxe3 22. Rxe3 Rxc4 23. Rc3 Rxc3 24. bxc3 Nb6 0-1

[Event "Olimpiada de Khanty-Mansiysk 2010"]
[Site "Khanty-Mansiysk RUS"]
[Date "2010.09.23"]
[Round "3.4"]
[White "Salov, Sergej"]
[Black "Santamaria, Vicens"]
[Result "1-0"]
[WhiteElo "2271"]
[BlackElo "2085"]
[PlyCount "49"]
[EventDate "2010.09.21"]
[EventType "team"]
[EventRounds "11"]
[EventCountry "RUS"]
[Source "lmi"]
[SourceDate "2010.09.21"]
[WhiteTeam "ICS"]
[BlackTeam "Andorra"]
[BlackTeamCountry "AND"]

1. e4 d6 2. d4 Nf6 3. Nc3 g6 4. f4 Bg7 5. Nf3 O-O 6. Bd3 Na6 7. e5 Ng4 8. h3
Nh6 9. Be3 c5 10. d5 Nf5 11. Bf2 Nc7 12. a4 Nd4 13. Be4 Nxf3+ 14. Qxf3 dxe5 15.
f5 Rb8 16. Bxc5 b6 17. Ba3 Ne8 18. O-O Nf6 19. fxg6 hxg6 20. Rad1 Ba6 21. d6
exd6 22. Rxd6 Qc7 23. Rc6 Qd7 24. Rd1 Qe8 25. Rxf6 1-0

[Event "Olimpiada de Khanty-Mansiysk 2010"]
[Site "Khanty-Mansiysk RUS"]
[Date "2010.09.23"]
[Round "3.1"]
[White "Smith, Robert W"]
[Black "Collins, Sam E"]
[Result "0-1"]
[WhiteElo "2282"]
[BlackElo "2431"]
[PlyCount "136"]
[EventDate "2010.09.21"]
[EventType "team"]
[EventRounds "11"]
[EventCountry "RUS"]
[Source "lmi"]
[SourceDate "2010.09.21"]
[WhiteTeam "Nueva Zelanda"]
[BlackTeam "Irlanda"]
[WhiteTeamCountry "NZL"]
[BlackTeamCountry "IRL"]

1. e4 e5 2. Nf3 Nc6 3. Bb5 a6 4. Bxc6 dxc6 5. O-O Bg4 6. h3 Bh5 7. d3 f6 8.
Nbd2 c5 9. Re1 Ne7 10. Nf1 Nc6 11. Ng3 Bf7 12. Be3 Qd7 13. a3 g6 14. Nd2 Be7
15. f4 exf4 16. Bxf4 O-O-O 17. Nf3 c4 18. dxc4 Bc5+ 19. Kh1 Qxd1 20. Raxd1 Bxc4
21. Rxd8+ Rxd8 22. Be3 Bd6 23. Nf1 Re8 24. N1d2 Bg3 25. Ra1 Bf7 26. Bg1 Bf4 27.
Bh2 Bh6 28. Rf1 Re7 29. Bg3 b5 30. Bh4 g5 31. Bf2 Bg6 32. Re1 Re8 33. g4 Bf8
34. Kg2 h5 35. Bg3 hxg4 36. hxg4 b4 37. a4 Bf7 38. Bf2 Be6 39. Nd4 Nxd4 40.
Bxd4 Be7 41. Kf3 Rd8 42. Be3 Rh8 43. Rg1 Rh3+ 44. Rg3 Rh2 45. Bf2 Bd6 46. Rg1
Rxf2+ 47. Kxf2 Bc5+ 48. Kg2 Bxg1 49. Kxg1 Bxg4 50. c3 bxc3 51. bxc3 Be6 52. Kf2
Kd7 53. Ke3 Kd6 54. Kd4 a5 55. Nf1 c5+ 56. Ke3 Kc7 57. Nd2 Kb6 58. Kd3 Ka6 59.
Nf1 Bb3 60. Ne3 Bxa4 61. Ng4 Bd1 62. Nxf6 a4 63. c4 a3 64. Kc3 g4 65. Nh5 a2
66. Kb2 Bb3 67. e5 Bxc4 68. Ng3 Kb6 0-1

[Event "Olimpiada de Khanty-Mansiysk 2010"]
[Site "Khanty-Mansiysk RUS"]
[Date "2010.09.23"]
[Round "3.3"]
[White "Croad, Nicolas"]
[Black "Daly, Colm"]
[Result "1-0"]
[WhiteElo "2297"]
[BlackElo "2277"]
[PlyCount "83"]
[EventDate "2010.09.21"]
[EventType "team"]
[EventRounds "11"]
[EventCountry "RUS"]
[Source "lmi"]
[SourceDate "2010.09.21"]
[WhiteTeam "Nueva Zelanda"]
[BlackTeam "Irlanda"]
[WhiteTeamCountry "NZL"]
[BlackTeamCountry "IRL"]

1. d4 Nf6 2. c4 g6 3. Nc3 Bg7 4. e4 d6 5. Nge2 c6 6. Ng3 a6 7. Be2 b5 8. O-O h5
9. e5 dxe5 10. dxe5 Qxd1 11. Rxd1 Ng4 12. f4 f6 13. h3 Nh6 14. Bf3 Be6 15. cxb5
axb5 16. exf6 Bxf6 17. Nge4 Bxc3 18. Nxc3 b4 19. Re1 Bf7 20. Ne4 Nf5 21. Bd2
O-O 22. Bxb4 Rxa2 23. Bc3 Rxa1 24. Rxa1 Bd5 25. Ng5 h4 26. Ra7 Bxf3 27. Nxf3 c5
28. Ne5 Rc8 29. Ra8 Re8 30. Nc6 Kf7 31. Rxb8 Rxb8 32. Nxb8 Ke6 33. Nc6 Ng3 34.
Kf2 Ne4+ 35. Ke3 Nd6 36. Kf3 Nf5 37. Ne5 Kd5 38. Nxg6 Kc4 39. Ke4 Ng3+ 40. Ke5
Ne2 41. Nxe7 Nxc3 42. bxc3 1-0

[Event "Olimpiada de Khanty-Mansiysk 2010"]
[Site "Khanty-Mansiysk RUS"]
[Date "2010.09.23"]
[Round "3.4"]
[White "Fitzsimons, David"]
[Black "Han, Daniel"]
[Result "1/2-1/2"]
[WhiteElo "2229"]
[BlackElo "2200"]
[PlyCount "140"]
[EventDate "2010.09.21"]
[EventType "team"]
[EventRounds "11"]
[EventCountry "RUS"]
[Source "lmi"]
[SourceDate "2010.09.21"]
[WhiteTeam "Irlanda"]
[BlackTeam "Nueva Zelanda"]
[WhiteTeamCountry "IRL"]
[BlackTeamCountry "NZL"]

1. e4 e5 2. Nf3 Nf6 3. d4 Nxe4 4. dxe5 d5 5. Nbd2 Nc5 6. Nb3 Nxb3 7. axb3 Be7
8. h3 Bf5 9. Be2 O-O 10. O-O c5 11. Bf4 Nc6 12. Qd2 Qd7 13. Rfd1 Rad8 14. c4 d4
15. Ne1 a6 16. Nd3 f6 17. exf6 Rxf6 18. Bg5 Re6 19. Bxe7 Qxe7 20. Nf4 Re5 21.
Bf3 Be4 22. Bg4 Re8 23. Re1 Qg5 24. Rad1 Bf5 25. Bxf5 Qxf5 26. Nd5 Kf7 27. b4
cxb4 28. Rxe5 Qxe5 29. Nxb4 Qd6 30. Nxc6 bxc6 31. b4 d3 32. Qc3 Rd8 33. Qa3 Qd4
34. Qxa6 Rd6 35. c5 Rf6 36. Qxd3 Qxf2+ 37. Kh1 h6 38. Qc4+ Kg6 39. Qe4+ Kf7 40.
Rd7+ Kg8 41. Rd8+ Rf8 42. Rxf8+ Qxf8 43. Kh2 Qc8 44. Kg3 Qc7+ 45. Kf3 Qf7+ 46.
Ke3 Qb3+ 47. Kf2 Qa2+ 48. Kg3 Qa6 49. Kg4 Qb7 50. Qe8+ Kh7 51. Kf5 Qxb4 52.
Qxc6 Qb1+ 53. Qe4 Qb3 54. Ke5+ Kh8 55. Kd6 Qb8+ 56. Kd5 Qg8+ 57. Qe6 Qa8+ 58.
c6 Qd8+ 59. Qd7 Qa5+ 60. Kd6 Qa3+ 61. Kc7 Qa7+ 62. Kd8 Qb8+ 63. Qc8 Qd6+ 64.
Ke8 Kg8 65. c7 Qe5+ 66. Kd7+ Kh7 67. Qf8 Qb5+ 68. Kd8 Qd5+ 69. Ke7 Qc5+ 70. Ke8
Qxc7 1/2-1/2

[Event "Olimpiada de Khanty-Mansiysk 2010"]
[Site "Khanty-Mansiysk RUS"]
[Date "2010.09.23"]
[Round "3.1"]
[White "Denny, Kevin"]
[Black "Akylbekov, Nasyr"]
[Result "1/2-1/2"]
[WhiteElo "2316"]
[BlackElo "2390"]
[PlyCount "94"]
[EventDate "2010.09.21"]
[EventType "team"]
[EventRounds "11"]
[EventCountry "RUS"]
[Source "lmi"]
[SourceDate "2010.09.21"]
[WhiteTeam "Barbados"]
[BlackTeam "Kyrgyzstan"]
[WhiteTeamCountry "BAR"]
[BlackTeamCountry "KGZ"]

1. e4 e5 2. Nf3 Nc6 3. Nc3 Nf6 4. Bb5 Bb4 5. O-O O-O 6. Bxc6 dxc6 7. d3 Re8 8.
Ne2 h6 9. Ng3 Bf8 10. b3 g6 11. Bb2 Bg4 12. h3 Bxf3 13. Qxf3 c5 14. Qe3 Qd6 15.
f4 Nd7 16. f5 Bg7 17. Rf2 Nf6 18. fxg6 fxg6 19. Raf1 Rf8 20. Qd2 Nd7 21. Rxf8+
Nxf8 22. Qf2 Qe7 23. Ne2 Ne6 24. Qg3 Qg5 25. Qxg5 Nxg5 26. h4 Ne6 27. h5 gxh5
28. Rf5 Nd4 29. Bxd4 cxd4 30. Rxh5 Rd8 31. Ng3 Kh7 32. Rf5 Kg6 33. Nh5 Bh8 34.
g4 b5 35. b4 Rc8 36. Kf1 c5 37. bxc5 Rxc5 38. Rf8 Bg7 39. Rg8 Rc7 40. Ke1 Kh7
41. Rb8 Kg6 42. Kd1 a6 43. Rg8 Kh7 44. Ra8 Kg6 45. Rg8 Kh7 46. Ra8 Kg6 47. Rg8
Kh7 1/2-1/2

[Event "Olimpiada de Khanty-Mansiysk 2010"]
[Site "Khanty-Mansiysk RUS"]
[Date "2010.09.23"]
[Round "3.2"]
[White "Markov, Mikhail"]
[Black "Farley, Terry"]
[Result "0-1"]
[WhiteElo "2261"]
[BlackElo "2231"]
[PlyCount "106"]
[EventDate "2010.09.21"]
[EventType "team"]
[EventRounds "11"]
[EventCountry "RUS"]
[Source "lmi"]
[SourceDate "2010.09.21"]
[WhiteTeam "Kyrgyzstan"]
[BlackTeam "Barbados"]
[WhiteTeamCountry "KGZ"]
[BlackTeamCountry "BAR"]

1. c4 Nf6 2. Nf3 g6 3. g3 Bg7 4. Bg2 d6 5. O-O e5 6. d4 Nbd7 7. Nc3 O-O 8. Qc2
Re8 9. Rd1 exd4 10. Nxd4 a6 11. b3 Rb8 12. h3 h6 13. Bb2 c5 14. Nf3 Qe7 15. a4
b6 16. Rd2 Bb7 17. Rad1 Ne4 18. Nxe4 Bxe4 19. Qc1 Bxb2 20. Qxb2 d5 21. cxd5 Qd6
22. Ne1 Bxg2 23. Nxg2 Nf6 24. Qc2 b5 25. axb5 axb5 26. Rc1 Ne4 27. Rd3 Rbc8 28.
Re1 Qe5 29. Ne3 h5 30. d6 Qf6 31. f3 Nxd6 32. Nd5 Qe5 33. f4 Qf5 34. Kh2 c4 35.
bxc4 bxc4 36. Rd2 c3 37. Rd3 Ne4 38. Rd4 Nxg3 39. e4 Nxe4 40. Rdxe4 Rxe4 41.
Qxe4 Qxe4 42. Nf6+ Kg7 43. Nxe4 Re8 44. Kg3 f5 45. Rc1 fxe4 46. Rxc3 e3 47. Rc1
Kf6 48. Kf3 e2 49. Re1 Kf5 50. Rxe2 Rxe2 51. Kxe2 Kxf4 52. Kf2 h4 53. Kg2 Ke3
0-1